000 00587nam a2200217Ia 4500
005 20240401093901.0
008 131103s9999 xx 000 0 und d
020 _a9.79E+12
_cRs.779.00
040 _aLoreto College
041 _aEnglish
082 _a515
_bAPO
100 _aApostol,Tom M.
245 _aCalculus (Vol.1)
_b One-variable Calculus,with an introduction to Linear Algebra
_cTom M.Apostol
250 _a2nd ed.
260 _aNew Delhi
_bWiley-India
_c2013
300 _axx,666p
504 _aIncludes index
650 _aCalculus
850 _aLCLIB
942 _cBK
999 _c38749
_d89228